<The> One Belt One Road project – <an> Instrument to Globalize the World Economy the Chinese Way
Základné zložky projektu OBOR a identifikácia možných scenárov vývoja. Zhodnotenie obchodných príležitostí a riziká v zmysle strategických očakávaní EÚ a čínskych spoločností.
Na minha lista:
| Autor principal: | |
|---|---|
| Outros Autores: | , |
| Formato: | Capítulo de Livro |
| Idioma: | inglês |
| Assuntos: | |
| Tags: |
Sem tags, seja o primeiro a adicionar uma tag!
|
MARC
| LEADER | 00000nla a2200000 4500 | ||
|---|---|---|---|
| 001 | 0245551 | ||
| 005 | 20240502083654.7 | ||
| 041 | 0 | |a eng | |
| 044 | |a CZ | ||
| 245 | 1 | 0 | |a <The> One Belt One Road project – <an> Instrument to Globalize the World Economy the Chinese Way |
| 520 | |a Základné zložky projektu OBOR a identifikácia možných scenárov vývoja. Zhodnotenie obchodných príležitostí a riziká v zmysle strategických očakávaní EÚ a čínskych spoločností. | ||
| 610 | 2 | 0 | |a Čína |
| 610 | 2 | 0 | |a Európska únia |
| 610 | 2 | 0 | |a globalizácia hospodárstva |
| 610 | 2 | 0 | |a konkurencieschopnosť |
| 610 | 2 | 0 | |a obchod medzinárodný |
| 610 | 2 | 0 | |a projekty medzinárodné |
| 100 | 1 | |a Baláž, Peter | |
| 700 | 1 | |a Královičová, Michaela | |
| 700 | 1 | |a Bronček, Juraj | |